000 00737cam a22002534a 4500
008
020 _a5030002367 (hbk.)
049 _aMAIN
090 _aTK6640
_bTEL
245 1 4 _a Television /
_cedited by V. Dzhakonia.
260 _aMoscow. :
_bMir Publishers,
_c1989.
300 _a440 p. :
_bill. ;
_c23 cm.
500 _aIncludes index.
504 _aIncludes bibliographical references (p. [430]).
650 0 _aTelevision
_xHistory
_vJuvenile literature.
650 1 _aTelevision
_xHistory.
650 1 _aInventions.
700 _aDzhakonia, V.
907 _a.b10329080
_b19-09-13
_c16-04-13
003
005 20230123122006.0
040 _cNUST
942 _cBOOKS
_kTK6640
_mTEL
999 _c125937
_d125937